000 00747cab a22001815a 4500
001 L158794
008 150723e2015 xxk 000 0 eng d
035 _a(Sirsi) u158794
041 0 _aeng
100 1 _aHunt, Geoff
245 0 0 _aLearning form the past
_h[electronic resource]
490 _aRICS Building Surveying Journal
_vJuly 2015- August 2015, 24-25(2)
520 _aGeoff Hunt explains how using a timeline can lead to both an understanding of construction history and the early identification of defects.
651 4 _aUnited Kingdom
_y
690 _aBuilding materials and defects
856 4 0 _uhttps://www.rics.org/Global/Building_Surveying_Journal_July_August_2015.pdf
_zView the article free of charge at www.rics.org
942 _n0
999 _c84701
_d84701